000 00632nam a2200265Ia 4500
005 20260121172811.0
008 008 260114s9999 xx 000 0 eng d
020 _a9783030753474
037 _aEBOOK
040 _aCRL
040 _beng
040 _cCRL
041 _2eng
041 _aeng
084 _qCRL
100 _aCarl Bradley
_91092897
245 0 _aOutlaw Bikers and Ancient Warbands
260 _bSpringer
260 _bSpringer
260 _c2021
856 _uhttps://link.springer.com/openurl?genre=book&isbn=978-3-030-75347-4
942 _cEBOOK
999 _c1658638
_d1658638